"Casación horizontal" y las sentencias de los Superiores Tribunales de Provincia / (Registro nro. 5560)
[ vista simple ]
| 000 -LEADER | |
|---|---|
| fixed length control field | 01386nab a22002657a 4500 |
| 003 - CONTROL NUMBER IDENTIFIER | |
| control field | OSt |
| 005 - DATE AND TIME OF LATEST TRANSACTION | |
| control field | 20251218082310.0 |
| 008 - FIXED-LENGTH DATA ELEMENTS--GENERAL INFORMATION | |
| fixed length control field | 190429b xxu||||| |||| 00| 0 spa d |
| 040 ## - CATALOGING SOURCE | |
| Transcribing agency | PJ |
| 100 ## - MAIN ENTRY--PERSONAL NAME | |
| 9 (RLIN) | 4453 |
| Personal name | Llera, Carlos E. |
| 245 10 - TITLE STATEMENT | |
| Title | "Casación horizontal" y las sentencias de los Superiores Tribunales de Provincia / |
| Statement of responsibility, etc | Carlos E. Llera. |
| 260 ## - PUBLICATION, DISTRIBUTION, ETC. (IMPRINT) | |
| Date of publication, distribution, etc | Ciudad Autónoma de Buenos Aires : |
| Place of publication, distribution, etc | Thomson Reuters La Ley, |
| Name of publisher, distributor, etc | 2025. |
| 300 ## - PHYSICAL DESCRIPTION | |
| Extent | p. 122-123 |
| 500 ## - GENERAL NOTE | |
| General note | Cita: TR LALEY AR/DOC/409/2025<br/><br/><br/> |
| 505 ## - FORMATTED CONTENTS NOTE | |
| Formatted contents note | Sumario: I. Planteo del tema.— II. Revisión amplia de la primera sentencia condenatoria.— III. Consolidación de la casación horizontal.— IV. Aplicación de la doctrina a las sentencias dictadas por los Superiores Tribunales de Provincia. |
| 505 ## - FORMATTED CONTENTS NOTE | |
| Formatted contents note | Fallo comentado: CS ~ 28/05/2024 ~ Maidana, Karina de Lourdes y otros s/ sup/ robo calificado —capital— expte N.º 8768 C.C.1. |
| 505 ## - FORMATTED CONTENTS NOTE | |
| Title | Si te interesa el texto completo, solicitalo a koha@justierradelfuego.gov.ar |
| 650 #0 - SUBJECT ADDED ENTRY--TOPICAL TERM | |
| 9 (RLIN) | 343 |
| Topical term or geographic name as entry element | DERECHO PENAL |
| 650 #0 - SUBJECT ADDED ENTRY--TOPICAL TERM | |
| 9 (RLIN) | 2348 |
| Topical term or geographic name as entry element | PROCESO PENAL |
| 650 #0 - SUBJECT ADDED ENTRY--TOPICAL TERM | |
| 9 (RLIN) | 2109 |
| Topical term or geographic name as entry element | CAMARAS DE CASACION |
| 650 #0 - SUBJECT ADDED ENTRY--TOPICAL TERM | |
| 9 (RLIN) | 6031 |
| Topical term or geographic name as entry element | SENTENCIA ABSOLUTORIA |
| 650 #0 - SUBJECT ADDED ENTRY--TOPICAL TERM | |
| 9 (RLIN) | 5972 |
| Topical term or geographic name as entry element | DERECHO AL RECURSO |
| 773 0# - HOST ITEM ENTRY | |
| Host Biblionumber | 2658 |
| Host Itemnumber | 3164 |
| Title | Revista de derecho penal y criminología. Nº 3 - Abril 2025 |
| Place, publisher, and date of publication | Ciudad Autónoma de Buenos Aires : Thomson Reuters La Ley, 2017- |
| International Standard Serial Number | 00347914 |
| 942 ## - ADDED ENTRY ELEMENTS (KOHA) | |
| Source of classification or shelving scheme | |
| Koha item type | Analítica Artículo de Revista |
No hay ítems disponibles.
